Το μάρκετινγκ των αεροπορικών εταιρειών : μελέτη περιπτώσεων: Aegean airlines & Olympic air : διπλωματική εργασία
Αποθηκεύτηκε σε:
| Κύριος συγγραφέας: | |
|---|---|
| Συγγραφή απο Οργανισμό/Αρχή: | |
| Άλλοι συγγραφείς: | |
| Μορφή: | Thesis Βιβλίο |
| Γλώσσα: | Greek |
| Δημοσίευση: |
2010
|
| Θέματα: | |
| Διαθέσιμο Online: | http://hdl.handle.net/11610/9672 |
| Ετικέτες: |
Προσθήκη ετικέτας
Δεν υπάρχουν, Καταχωρήστε ετικέτα πρώτοι!
|
MARC
| LEADER | 00000cam a2200000 i 4500 | ||
|---|---|---|---|
| 001 | 1/15158 | ||
| 008 | 110926s2010 gre d | ||
| 035 | |l 10110864 | ||
| 040 | |a GR-MY-UA |b gre |e aacr | ||
| 041 | 0 | |a gre | |
| 082 | 0 | |a 387.70688 |2 (22) | |
| 100 | 1 | |a Συγγελοπούλου, Μαρία. | |
| 245 | 1 | 3 | |a Το μάρκετινγκ των αεροπορικών εταιρειών : |b μελέτη περιπτώσεων: Aegean airlines & Olympic air : διπλωματική εργασία / |c Συγγελοπούλου Μαρία ; επιβλέπουσα: Χορτατσιάνη Ευαγγελία |
| 260 | |c 2010 | ||
| 300 | |a π. 100 σ.; |b διαγρ.; |c 30 εκ. | ||
| 502 | |a Πτυχιακή εργασία – Πανεπιστήμιο Αιγαίου, Χίος, 2010. | ||
| 504 | |a Περιλαμβάνει βιβλιογραφία | ||
| 610 | 2 | 0 | |a Ολυμπιακή Αεροπορία Α.Ε. |
| 650 | 0 | 0 | |a Airlines |x Management. |
| 650 | 0 | 0 | |a Air travel |z Greece. |
| 650 | 0 | 0 | |a Airways. |
| 650 | 0 | 0 | |a Dissertations, Academic |z Greece. |
| 700 | 0 | |a Χορτατσιάννη, Ευαγγελία. |4 ths | |
| 710 | 1 | |a Πανεπιστήμιο Αιγαίου |b Σχολή Επιστημών της Διοίκησης |b Τμήμα Ναυτιλίας και Επιχειρηματικών Υπηρεσιών - Τ.Ν.Ε.Υ. | |
| 852 | |a INST |b CHIOS |c DIATR |e 20110926 |h 387.70688 ΣΥΓ |p 005200031575 |q 005200031575 |t DIE |y 23 | ||
| 852 | |a INST |b CHIOS |c DIATR |e 20110926 |h 387.70688 ΣΥΓ |p 005200031578 |q 005200031578 |t DIE |y 23 | ||
| 856 | |u http://hdl.handle.net/11610/9672 | ||
| 901 | |a BIBL2-2011-3 | ||
| 909 | |a Χ |b 149558 | ||
| 909 | |a Χ |b 149560 | ||
| 924 | |a ΣΥΓΓΕΛΟΠΟΥΛΟΥ |b ΜΑΡΙΑ |y ΧΙΟΣ |z 2011-01 | ||
| 970 | |a ΠΑΡΟΙΚΑΚΗ |b ΒΑΣΙΛΙΚΗ |z 2011/09/26 | ||